000
00361nam a2200133Ia 4500
008
151001s9999||||xx |||||||||||||| ||und||
100
_a
हरी नारायण आपटे
245
_a
गणपतराव
250
_a
1
260
_b
शितल मेहता कोल्हापूर
260
_c
2013
300
_a
256
365
_b
18
999
_c
1001859
_d
1001856